Beast from the east (Record no. 77659)

MARC details
000 -LEADER
fixed length control field 00940cab a2200205 4500
001 - CONTROL NUMBER
control field ##L134810
008 - FIXED-LENGTH DATA ELEMENTS--GENERAL INFORMATION
fixed length control field 060904n2006 000 0 eng u
035 ## - SYSTEM CONTROL NUMBER
System control number (Sirsi) u134810
041 0# - LANGUAGE CODE
Language code of text/sound track or separate title eng
100 1# - MAIN ENTRY--PERSONAL NAME
Personal name Jansen, Mark
245 00 - TITLE STATEMENT
Title Beast from the east
260 ## - PUBLICATION, DISTRIBUTION, ETC.
Date of publication, distribution, etc. 2006
490 #0 - SERIES STATEMENT
Series statement Property Week
Volume/sequential designation 71(35) 1 September 2006, 69(1)
520 ## - SUMMARY, ETC.
Summary, etc. Discusses the problems that developers can encounter through the presence of Japanese knotweed. The plant may already be present on a site, or may be introduced by soil brought in for landscaping. It can go on to damage foundations and tarmac surfaces. The Environment Agency is publishing a new guide to the problem this month entitled "Environment Agency code of practice for managing Japanese knotweed on developement sites".
590 ## - LOCAL NOTE (RLIN)
Local note IKA050906
650 24 - SUBJECT ADDED ENTRY--TOPICAL TERM
Topical term or geographic name entry element JAPANESE KNOTWEED
651 #4 - SUBJECT ADDED ENTRY--GEOGRAPHIC NAME
Geographic name England and Wales
Chronological subdivision 1543-
690 ## - LOCAL SUBJECT ADDED ENTRY--TOPICAL TERM (OCLC, RLIN)
Topical term or geographic name as entry element PROPERTY-PROPERTY DEVELOPMENT
942 ## - ADDED ENTRY ELEMENTS (KOHA)
Suppress in OPAC 0
Holdings
Withdrawn status Lost status Source of classification or shelving scheme Damaged status Not for loan Home library Current library Shelving location Date acquired Total Checkouts Full call number Barcode Date last seen Copy number Price effective from Koha item type
    Dewey Decimal Classification     London London Journal article 04/09/2006   L134810 134810-1001 06/08/2019 1 06/08/2019 Journal article